000 00952nam a2200253Ia 4500
003 OSt
005 20220923220004.0
006 a|||||r|||| 00| 0
007 ta
008 220922b |||||||| |||| 00| 0 hin d
024 _a183,391
037 _cTextual
040 _aARTS
_cARTS
_bhin
041 _2hin
_ahin
082 _aO152,1N5:g, K6
100 _aनागर, श्रीराम
245 0 _aहिन्दी की प्रयोगशील कविता और उसके प्ररेणा स्त्रोत
246 _aHindī kī prayogashīl kavitā aur usake prareṇā strota
260 _aगुजरात
_b सरदार वल्लभभाई विद्यापीठ
_c1966
300 _a284 पृ.
_ccm.
650 _aहिन्दी साहित्य
_9156264
942 _hO152,1N5:g, K6
_cTEXL
_2CC
999 _c336727
_d336727